Wird geladen...

Oru Sikkariyute smaranakal

Bibliographische Detailangaben
1. Verfasser: Ittan T M
Format: Printed Book
Sprache:English
Veröffentlicht: Kottayam Sahitya Pravarthaka Co-operative Society Ltd. 1971
LEADER 00627nam a2200241 a 4500
001 adlib96000001
003 ViArRB
005 20151026131240.0
008 960221s1955 dcuabcdjdbkoqu001 0deng d
020
022
040 |a Adlib 
082 |a 799.2 
245 |a Oru Sikkariyute smaranakal 
250
260 |a Kottayam  |b Sahitya Pravarthaka Co-operative Society Ltd.  |c 1971 
300 |a 183p. 
500 |a   
100 |a Ittan T M 
700
942 |c BK  |6 _ 
999 |c 23411  |d 23411 
952 |0 0  |1 0  |4 0  |6 7992M_ITT  |7 0  |9 34998  |a UL  |b UL  |d 2010-06-16  |l 3  |o 799.2=M ITT  |p H0001481  |r 2013-05-08  |s 2013-04-15  |w 2010-06-16  |y BK